Can the Variables in an Extended Solow Model be Treated as Exogenous? Learning from International Comparisons Across Decades

Uložené v:
Podrobná bibliografia
Hlavný autor: Verner, Dorte
Médium: Kniha
Jazyk:English
Vydavateľské údaje: Florence European University Institute 1995
Vydanie:1. ed.
Edícia:EUI Working Paper ECO No. 95/20
Predmet:
Tagy: Pridať tag
Žiadne tagy, Buďte prvý, kto otaguje tento záznam!

MARC

LEADER 00000nam a2200000 4500
001 c020134
005 20221205132809.8
041 0 |a eng 
044 |a IT 
245 1 0 |a Can the Variables in an Extended Solow Model be Treated as Exogenous?  |b Learning from International Comparisons Across Decades  |c Dorte Verner 
250 |a 1. ed. 
264 1 |a Florence  |b European University Institute  |c 1995 
300 |a 53 s. 
490 1 |a EUI Working Paper ECO  |v No. 95/20 
830 0 |a EUI Working Paper ECO  |v No. 95/20 
610 2 0 |a rast hospodársky 
610 2 0 |a teórie rastu hospodárskeho 
610 2 0 |a zdroje ľudské 
610 2 0 |a porovnanie medzinárodné 
100 1 |a Verner, Dorte